|
|
|
|
| LEADER |
00000nam a2200000Ii 4500 |
| 001 |
DIGUCCH0203 |
| 003 |
NyNyDIG |
| 006 |
m o d |
| 007 |
cr ||||||||||| |
| 008 |
250714s2018 cl ob 000 0 spa d |
| 035 |
|
|
|a (OCoLC)1111971614
|
| 040 |
|
|
|a DGITA
|b eng
|e rda
|e pn
|c DGITA
|
| 020 |
|
|
|a 9789561423619
|q edición digital
|
| 020 |
|
|
|z 9789561423213
|q edición impresa
|
| 043 |
|
|
|a s-cl---
|
| 050 |
1 |
4 |
|a F3101.C37 ebook
|
| 245 |
0 |
0 |
|a Fernando Castillo Velasco :
|b proyectar en comunidad /
|c edición, Elisa Silva Guzmán.
|
| 264 |
|
1 |
|a Santiago, Chile :
|b Ediciones UC,
|c [2018]
|
| 300 |
|
|
|a 1 online resource.
|
| 336 |
|
|
|a text
|b txt
|2 rdacontent
|
| 337 |
|
|
|a computer
|b c
|2 rdamedia
|
| 338 |
|
|
|a online resource
|b cr
|2 rdacarrier
|
| 347 |
|
|
|a text file
|2 rdaft
|
| 347 |
|
|
|b EPUB
|
| 490 |
1 |
|
|a Colección Alameda
|
| 504 |
|
|
|a Includes bibliographical references.
|
| 588 |
0 |
|
|a Online resource; title from ePub title page (Digitalia, viewed July 14, 2025)
|
| 600 |
1 |
0 |
|a Castillo Velasco, Fernando,
|d 1918-2013
|x Political and social views.
|
| 650 |
|
0 |
|a Architecture
|x Human factors
|z Chile
|y 20th century.
|
| 650 |
|
0 |
|a City planning
|z Chile
|y 20th century.
|
| 651 |
|
0 |
|a Chile
|x Politics and government
|y 20th century.
|
| 700 |
1 |
|
|a Silva Guzmán, Elisa,
|e editor.
|
| 776 |
0 |
8 |
|i Print version:
|t Fernando Castillo Velasco.
|d Santiago, Chile : Ediciones UC, [2018]
|z 9789561423213
|
| 791 |
2 |
|
|a Digitalia (Firm),
|e distributor.
|
| 793 |
0 |
|
|g Digitalia eBook Collection:
|a Universidad Católica de Chile
|
| 830 |
|
0 |
|a Colección Alameda (Ediciones Universidad Católica de Chile)
|
| 856 |
4 |
0 |
|3 Digitalia Hispánica
|u https://www.digitaliapublishing.com/a/175501/
|
| 910 |
|
|
|a Premium collection: 2025
|